01186 2200265 4500001002100000005001500021035002000036007000300056008004100059020002200100082001000122084001700132245008100149250004200230300004100272650001200313700003200325520042600357264003100783336002100814337003000835338002300865990001600888990001600904INLIS00000000116437320240813024231 a0010-0824000195ta240813 b 1 ind  a978-602-05-3003-1 a398.2 aSR 398.2 RIR aRiri kumpulan dongeng dunia /cTim Educa Studio; editor, Gina Rizki Septiani aCetakan kedua: Desember November 2023 aiv, 96 halaman :bilustrasi ;c26 cm 4aDongeng0 aGina Rizki Septianieeditor aMembaca dongeng untuk anak bisa menjadi kegiatan menyenangkan. Membaca dongeng bisa dilakukan kapan tidak perlu menunggu si kecil berusia cukup atau menunggu yang saja. Bunda si kecil bisa membaca sendiri. Justru membacakan dongeng kepada si kecil sejak dini memiliki banyak manfaat, misalkan saja: - Mempererat hubungan batin - Melatih perkembangan kognitif anak - Meningkatkan kemampuan verbal - Memperluas kosakata aJakarta :bGrasindo,c2023 2rdacontentateks 2rdamediaatanpa perantara 2rdacarrieravolume a54038.66858 a54039.66859